000 00700nam a2200253Ia 4500
003 OSt
005 20220926000624.0
006 a|||||r|||| 00| 0
007 ta
008 220923b |||||||| |||| 00| 0 eng d
037 _cGeneral Book
040 _aRTL
_cRTL
_beng
041 _2eng
_aeng
082 _aY:3217, L5
100 _aD'Souza Anthony A
_9302854
245 0 _aHapiness in marriage
250 _a2
260 _a New Delhi
_bIndian Social Iinstitute India
_c1975
300 _axi,177p
_ccm.
490 _aIndian Social Institute,publication
500 _aAppendix P 176-177
942 _hY:3217, L5
_cGB
_2CC
999 _c599398
_d599398